Daňové znalosti - inšpirácie a inovácie
Pojem a význam daňových inovácií. Vybrané inšpirácie daňových inovácií vo svete. Dánsko-fínsky model. Holandský model. Tchajwanský model bločkovej daňovej lotŕie ako vzor pre Slovensko.
Salvato in:
| Autore principale: | |
|---|---|
| Natura: | Capitolo di libro |
| Lingua: | slovacco |
| Soggetti: | |
| Tags: |
Nessun Tag, puoi essere il primo ad aggiungerne!!
|
MARC
| LEADER | 00000naa a2200000 4500 | ||
|---|---|---|---|
| 001 | 0260106 | ||
| 005 | 20191204072551.6 | ||
| 041 | 0 | |a slo | |
| 044 | |a SK | ||
| 245 | 1 | 0 | |a Daňové znalosti - inšpirácie a inovácie |c Emil Burák |
| 520 | |a Pojem a význam daňových inovácií. Vybrané inšpirácie daňových inovácií vo svete. Dánsko-fínsky model. Holandský model. Tchajwanský model bločkovej daňovej lotŕie ako vzor pre Slovensko. | ||
| 610 | 2 | 0 | |a Slovensko |
| 610 | 2 | 0 | |a politika daňová |
| 610 | 2 | 0 | |a stratégia inovačná |
| 610 | 2 | 0 | |a zdaňovanie |
| 610 | 2 | 0 | |a priznania daňové |
| 610 | 2 | 0 | |a Dánsko |
| 610 | 2 | 0 | |a Fínsko |
| 610 | 2 | 0 | |a Holandsko |
| 100 | 1 | |a Burák, Emil | |